000 01151nam a22004097a 4500
001 BR9803591
003 BR-BrBNA
005 20230928100015.0
007 ta
008 230509b bl.||||| |||| 00| 0 por d
040 _aBR-BrBNA
_bpor
_cBiblioteca Nacional de Agricultura
041 _a(Por)
072 _aC10; E71; E10
090 _ C10 BR9803591
110 1 _aIICA, Brasilia, DF (Brasil)
_95552
245 1 _aCapacitacao de lideres rurais na tematica do MERCOSUL
260 3 _aBrasilia, DF (Brasil):
_c[nd].
300 _a318 p.
500 _aIncludes several bibliographies; 17 tables; 20 illus.
650 _aLideranca
650 _aSociologia Rural
650 _aComercializacao
650 _aPolitica Comercial
650 _aPolitica Economica
650 _aPolitica Agricola
650 _aComercio Exterior
650 _aMERCOSUL
650 _aMacroeconomia
650 _aTarifa
650 _aAgricultura Sustentavel
650 _aIndustria Agricola
650 _aReforma Agraria
650 _aCooperativismo
650 _aDesenvolvimento Comercial
909 _a202309
_bLucia
_c55
_dLucia Elande
942 _cBK
999 _c59850
_d59850